Statistics for Ankara Metro Quiz

Click here to take the quiz!

General Stats

  • This quiz has been taken 117 times
    (67 since last reset)
  • The average score is 54 of 89

Answer Stats

GroupAnswer% Correct
M1Kızılay
94%
M2Kızılay
94%
M4Kızılay
94%
A1Kızılay
94%
M1Akköprü
90%
M3OSB-Törekent
88%
M1Ulus
88%
M1AKM
86%
M4AKM
86%
M2Koru
86%
M1Sıhhiye
86%
M3Batıkent
84%
M1Batıkent
84%
M2Milli Kütüphane
84%
M1Yenimahalle
84%
T1Yenimahalle
84%
A1Anadolu / Anıtkabir
82%
A1Bahçelievler
82%
M1İvedik
82%
A1AŞTİ
80%
A1Beşevler
80%
M1Ostim
80%
M2Söğütözü
80%
A1Dikimevi
78%
A1Maltepe
78%
M2Necatibey
78%
M2ODTÜ
78%
B1Ankara Garı
76%
M2Çayyolu
76%
M3Eryaman 5
76%
M3Harikalar Diyarı
76%
M1Hastane
76%
M1Macunköy
76%
M2Bilkent
73%
A1Kolej
73%
M3Batımerkez
71%
M2Beytepe
71%
M3Eryaman 1-2
71%
M4Gar
71%
M3İstanbul Yolu
71%
M2MTA
71%
M2Ümitköy
71%
M3Botanik
69%
A1Emek
69%
M3Mesa
69%
B1Sincan
69%
M1Demetevler
67%
A1Demirtepe
67%
M3Devlet Mahallesi / 1910 Ankaragücü
67%
M4Gazino / Şehitler
67%
B1Kurtuluş
67%
A1Kurtuluş
67%
M3Fatih
65%
M2Tarım Bakanlığı - Danıştay
65%
M4Adliye
63%
M3GOP
63%
M4Belediye
61%
M4ASKİ
59%
M4Meteoroloji
57%
M4Dutluk
53%
B1Elvankent
51%
M4Dışkapı
49%
B1Etimesgut
49%
T1Şentepe
49%
B1Eryaman YHT
47%
B1Mamak
43%
T1TRT Seyir
43%
B1Gazi
41%
M4Kuyubaşı
37%
M4Mecidiye
37%
TAtatürk
35%
B1Cebeci
33%
B1Kayaş
31%
TCumhuriyet
29%
B1Hava Durağı
29%
B1Lale
29%
B1Yenişehir
29%
T1Yunus Emre
29%
B1Hipodrom
24%
B1Motor Durağı
24%
B1Gazi Mahallesi
22%
B1Saimekadın
20%
B1Behiçbey
18%
B1Özgüneş
18%
B1Bağderesi
16%
B1Üreğil
16%
B1Yıldırım
16%
B1Demirlibahçe
14%
B1Köstence
10%

Score Distribution

Percentile by Number Answered

Percent of People with Each Score

Your Score History

You have not taken this quiz since the last reset